000 00341nam a2200145Ia 4500
008 191201s2004 xx 000 0 und d
082 _a621.3813
_bMAM-
100 _aMAINI, A K
245 0 _aMicrowaves and Radar
250 _a3rd
260 _aN.Delhi
_bKhanna Publisher
_c2004
300 _a726
650 _aB.Tech(ECE)
942 _2ddc
_cBK
999 _c1166
_d1166